| 000 | 00344nam a2200109Ia 4500 | ||
|---|---|---|---|
| 008 | 171211s9999 xx 000 0 und d | ||
| 245 | _aEncyclopaedia of Scientific Units, Weights and Measures | ||
| 245 | _cFrançois Cardarelli | ||
| 260 | _c2004 | ||
| 650 | _xEncyclopedia and Dictionary | ||
| 856 | _uhttp://down.ebook777.com/057/185233682X.pdf | ||
| 999 |
_c350170 _d350170 |
||